The Innocents = Les innocentes /
Tallennettuna:
| Päätekijä: | |
|---|---|
| Muut tekijät: | , , , , , , , , , , , , , , , , , , |
| Aineistotyyppi: | |
| Kieli: | ranska |
| Julkaistu: |
París, Francia :
Mandarin Films,
2016, c2016
|
| Aiheet: | |
| Tagit: |
Ei tageja, Lisää ensimmäinen tagi!
|
MARC
| LEADER | 00000ngm^a2200000^a^4500 | ||
|---|---|---|---|
| 001 | 000395168 | ||
| 005 | 20251020000000.0 | ||
| 009 | 20260310121355.786 | ||
| 037 | |a Acervo ITESO - Biblioteca | ||
| 041 | |a FRA | ||
| 082 | |a 840. |b FON | ||
| 100 | |a Fontaine, Anne |e (realización) | ||
| 240 | 1 | 1 | |a [Cordero de Dios, de Anne Fontaine] |
| 245 | 1 | 4 | |a The Innocents = |b Les innocentes / |c Realización de A. Fontaine. |
| 246 | 2 | |a Título en México: Cordero de Dios | |
| 264 | 4 | |a París, Francia : |b Mandarin Films, |c 2016, c2016 | |
| 264 | 2 | |a Chicago, EUA : |b Music Box Films [distribución], |c 2016, c2016 | |
| 300 | |a 1 DVD sin dato de región (115, 18, 11, 15, min.) : |b color + |e 1 folleto ([20] p.) | ||
| 336 | |a imagen móvil bidimensional |b tdi |2 rdacontenido | ||
| 337 | |a video |b v |2 rdamedio | ||
| 338 | |a videodisco |b vd |2 rdasoporte | ||
| 546 | |a En francés y polaco, con subtítulos opcionales: francés, inglés | ||
| 586 | |a Premio César, de la Academia Francesa de Cine (42°: 2017): Mejor Película (finalista) | ||
| 586 | |a Premio César, de la Academia Francesa de Cine (42°: 2017): Mejor Dirección (finalista: Anne Fontaine) | ||
| 649 | |a XX | ||
| 650 | |a Cineastas Franceses - |x Entrevistas | ||
| 650 | |a Médicos en el Cine | ||
| 650 | |a Médicos Franceses - |x Biografías | ||
| 650 | |a Monjas en el Cine | ||
| 650 | |a Benedictinos en Polonia - |x Historia | ||
| 650 | |a Religiosos en el Cine | ||
| 650 | |a Víctimas de Guerra en el Cine | ||
| 650 | |a Mujeres Francesas - |x Biografías | ||
| 650 | |a Franceses en Polonia - |x Historia - |y 1945-1948 | ||
| 650 | |a Fuerzas Armadas - |z Rusia - |x Historia - |y Régimen Stalinista, 1924-1953 | ||
| 650 | |a Películas Históricas | ||
| 650 | |a Cine Social y Político | ||
| 650 | |a Dramas Cinematográficos | ||
| 650 | |a Making Of (Documentales detrás de Cámaras) | ||
| 650 | |a Cine de Mujeres - |z Francia | ||
| 650 | |a Cine en Polaco - |z Francia | ||
| 650 | |a Cine Francés - |y 2010-2019 | ||
| 650 | |a Cine Francés - |y Siglo XXI | ||
| 650 | |a Cine Francés - |x Historia y Crítica | ||
| 650 | |a Embarazo | ||
| 650 | |a Secretos Personales | ||
| 650 | |a Conventos y Monasterios en el Cine | ||
| 650 | |a Violación - |z Polonia - |x Historia - |y Ocupación, 1939-1945 - |x Tema Principal | ||
| 650 | |a Crímenes de Guerra - |z Polonia - |x Historia - |y Ocupación, 1939-1945 - |x Tema Principal | ||
| 650 | |a Aborto - |z Polonia - |x Historia - |y 1945-1948 | ||
| 650 | |a Reconstrucción de Guerra - |z Polonia - |x Historia - |y 1945-1948 | ||
| 650 | |a Sexualidad y Religión - |z Polonia - |x Historia - |y 1945-1948 | ||
| 650 | |a Polonia en el Cine | ||
| 650 | |a Polonia - |x Historia - |y Ocupación, 1939-1945 - |x Tema Principal | ||
| 650 | |a Polonia - |x Historia - |y 1945-1948 | ||
| 650 | |a Polonia - |x Historia - |y 1945-1956 | ||
| 650 | |a Polonia - |x Historia - |y República Popular, 1945-1989 | ||
| 650 | |a Polonia - |x Historia - |y Siglo XX | ||
| 650 | |a Rusia - |x Historia - |y Régimen Stalinista, 1924-1953 | ||
| 650 | |a Rusia - |x Historia - |y URSS, 1922-1991 | ||
| 650 | |a Rusia - |x Historia - |y Siglo XX | ||
| 650 | |a Guerra Mundial (Segunda), 1939-1945 - |x Historia - |x Tema Principal | ||
| 650 | |a Fontaine, Anne | ||
| 650 | |a Pauliac, Madeleine - |x Tema Principal | ||
| 650 | |a Cruz Roja - |z Francia - |x Historia - |y Gobierno Provisional, 1944-1946 | ||
| 650 | |a Ejército Rojo - |x Historia - |y Régimen Stalinista, 1924-1953 | ||
| 700 | |a Karine, Sabrina B. |e (guión) | ||
| 700 | |a Champetier, Caroline |e (fotógrafo) | ||
| 700 | |a Lewinska, Katarzyna |e (vestuario) | ||
| 700 | |a Dutertre, Annette |e (montaje) | ||
| 700 | |a Hetzel, Grégoire |e (música) | ||
| 700 | |a Laâge, Lou de |e (actuación) | ||
| 700 | |a Buzek, Agata |e (actuación) | ||
| 700 | |a Lewandowski, Adam |e (realización) | ||
| 700 | |a Dulemba, Marcin |e (realización) | ||
| 700 | |a Sikorska, Marta |e (entrevista) | ||
| 700 | |a Szymański, Piotr |e (realización) | ||
| 700 | |a Kułakowski, Marcin |e (realización) | ||
| 700 | |a Holland, Agnieszka |e (entrevista) | ||
| 700 | |a Vitt, Austin |e (producción) | ||
| 700 | |a Tunzini, Guillaume |e (fotógrafo) | ||
| 700 | |a Kumingo, Wayne |e (montaje) | ||
| 700 | |a Kulesza, Agata |e (actuación) | ||
| 700 | |a Maynial, Philippe |e (texto) | ||
| 700 | |a Pauliac, Madeleine |e (texto) | ||
| 740 | 0 | |a Making The Innocents / |c Realización de A. Lewandowski, M. Dulemba. | |
| 740 | 0 | |a Interview with Anne Fontaine / |c A. Fontaine ; entrevistada por M. Sikorska ; realización de P. Szymański, M. Kułakowski. | |
| 740 | 0 | |a Discussion with Director Anne Fontaine : |b Director's Guild of America : Renoir Theatre, Los Angeles, CA : April 23, 2016 / |c A. Fontaine ; entrevistada por A. Holland ; prod. de A. Vitt. | |
| 740 | 0 | |a From Reality to Fiction : |b The Story of Madeleine Pauliac / |c Texto de P. Maynial. | |
| 740 | 0 | |a Lieutenant Doctor Pauliac to His Excellence Mr. Roger Garreau, Plenipotentiary Minister with the Interim Government of the French Republic in Poland / |c Texto de M. Pauliac. | |
| 910 | |a Fondo General | ||
| 920 | |a Audiovisuales - DVDs | ||
| 940 | |a Películas | ||
| 905 | |a 302 | ||
| 901 | |a 0500289840 |b IT2 |c DVS |i C155845 |u 20250521 | ||
| 901 | |a 0500289831 |b IT2 |c MIN |i C155845 |u 20251020 | ||
| 902 | |a https://opac.biblio.iteso.mx/vufind/Record/000395168 | ||